000 00673nam a2200193 4500
999 _c13829
_d13829
020 _a9789710093205
082 _aFil. 222.4095 W6645w 2014
100 _aWong, Jojie
245 _aWho's afraid of giant goliath? /
_cwritten by Jojie Wong ; illustrated by Leo Kempis And
260 _aMetro Manila
_bOMF Literature Inc.
_cc2014
300 _a31 pages :
_bchiefly colored illustrations ;
_c22.5 x 17 cm
490 _aWow god!
526 _a200-299
_d220
650 _aDavid -- King of Israel
650 _aBible stories, English -- Juvenile literature
650 _aChildren's stories, Philippine (English)
650 _aChildren's stories, Tagalog
942 _2ddc
_cBK